[Event "Deggendorf op 3rd"]
[Site "Deggendorf"]
[Date "2010.09.05"]
[Round "4"]
[White "Reindl, Tobias"]
[Black "Bacholke, Michael"]
[Result "1-0"]
[WhiteElo "1708"]
[BlackElo "1887"]
[PlyCount "99"]
[EventDate "2010.09.03"]
[EventType "swiss"]
[EventRounds "5"]
[EventCountry "GER"]
[SourceTitle "CBM 138 Extra"]
[Source "ChessBase"]
[SourceDate "2010.10.29"]
[SourceVersion "1"]
[SourceVersionDate "2010.10.29"]
[SourceQuality "1"]

1. e4 e5 2. Nf3 Nc6 3. Bc4 Bc5 4. c3 Bb6 5. d4 Qe7 6. d5 Nb8 7. a4 a6 8. d6 Qxd6 9. Qxd6 cxd6 10. Bd5 Nf6 11. Na3 0-0 12. Nc4 Ba7 13. 0-0 Nc6 14. Bg5 Ne8 15. b4 h6 16. Bxc6 dxc6 17. Be7 Be6 18. Ncd2 f5 19. Bxf8 Kxf8 20. Nh4 f4 21. h3 Nf6 22. Kh2 Rd8 23. Rad1 d5 24. Rde1 Kf7 25. Nhf3 Bb8 26. exd5 Nxd5 27. Nxe5+ Bxe5 28. Rxe5 Nxc3 29. Ne4 Nxa4 30. Ra1 b5 31. Nc5 Nxc5 32. Rxc5 Rd4 33. Rxc6 Rxb4 34. Raxa6 Re4 35. f3 Re5 36. Rab6 Bc4 37. Rc7+ Re7 38. Rc5 g6 39. Rcc6 Bd3 40. Rf6+ Kg7 41. Rxf4 Rd7 42. Kg3 Rd5 43. Rb7+ Kg8 44. Rff7 h5 45. Rfc7 Rd8 46. Kf4 h4 47. Rg7+ Kf8 48. Rgc7 Kg8 49. Kg5 Rd5+ 50. Kxh4 1-0

[Event "Miercurea Ciuc Banc Post op 10th"]
[Site "Miercurea Ciuc"]
[Date "2007.08.19"]
[Round "6"]
[White "Reindl, Tobias"]
[Black "Jakab, Tunde"]
[Result "0-1"]
[WhiteElo "401"]
[BlackElo "1772"]
[PlyCount "84"]
[EventDate "2007.08.19"]
[EventType "swiss"]
[EventRounds "9"]
[EventCountry "ROU"]
[SourceTitle "EXT 2010"]
[Source "ChessBase"]
[SourceDate "2010.11.25"]
[SourceVersion "1"]
[SourceVersionDate "2010.11.25"]
[SourceQuality "1"]

1. e4 e5 2. Nf3 Nc6 3. Bc4 Bc5 4. c3 Nf6 5. b4 Bb6 6. d3 d6 7. 0-0 h6 8. a4 a5 9. b5 Ne7 10. Re1 0-0 11. h3 Ng6 12. Bb3 Be6 13. d4 exd4 14. cxd4 Qc8 15. Bb2 Bxh3 16. g3 Qg4 17. Nh2 Qxd1 18. Bxd1 Be6 19. Bf3 Rfe8 20. e5 dxe5 21. Bxb7 Rab8 22. Bc6 Bd7 23. Bg2 exd4 24. Rd1 Rbd8 25. Rd2 Re1+ 26. Nf1 Bf5 27. Na3 Rxa1 28. Bxa1 d3 29. Bxf6 gxf6 30. Nc4 Ne5 31. Nce3 Be6 32. Nd1 Nc4 33. Ra2 Ne3 34. Rd2 Nxd1 35. Rxd1 Bb3 36. Rd2 Bxa4 37. Bc6 Bc5 38. Ra2 Bc2 39. Rxa5 d2 40. Bf3 d1Q 41. Bxd1 Rxd1 42. Ra2 Bd3 0-1

[Event "Miercurea Ciuc Banc Post op 10th"]
[Site "Miercurea Ciuc"]
[Date "2007.08.19"]
[Round "3"]
[White "Reindl, Tobias"]
[Black "Schlor, Michael"]
[Result "1/2-1/2"]
[WhiteElo "401"]
[BlackElo "1885"]
[PlyCount "22"]
[EventDate "2007.08.19"]
[EventType "swiss"]
[EventRounds "9"]
[EventCountry "ROU"]
[SourceTitle "EXT 2010"]
[Source "ChessBase"]
[SourceDate "2010.11.25"]
[SourceVersion "1"]
[SourceVersionDate "2010.11.25"]
[SourceQuality "1"]

1. e4 d5 2. exd5 Nf6 3. Nf3 Nxd5 4. d4 Bf5 5. Bc4 e6 6. c3 Bd6 7. 0-0 0-0 8. Nbd2 Nd7 9. Re1 N7b6 10. Bb3 c5 11. Nc4 Nxc4 1/2-1/2